000
00320nam a22001457a 4500
020
_a
0-07-113639-8
041
_a
ENG
100
_a
Raven.F.H
245
_a
Automatic Control Engineering
250
_a
1st Edition
260
_a
New York
_b
McGraw Hill
_c
1995
300
_a
619
650
_a
M.Tech
856
_u
M.Tech ( 7 )
999
_c
1083
_d
1083